000 00813nam a2200253Ia 4500
003 OSt
005 20220918170757.0
006 a|||||r|||| 00| 0
007 ta
008 220917b |||||||| |||| 00| 0 eng d
020 _a9780521140553 (pbk)
_c1649.28
024 _a263,129
037 _b2606, 10/07/2012, The Book Seller
_cTextual
040 _aARTS
_cARTS
_beng
041 _2eng
_aeng
082 _aW6.1, Q1
100 _aScholte Jan Aart Ed.
_931138
245 0 _aBuilding global democracy?
_b Civil society and accountable global governance
260 _aCambridge
_bCambridge University Press
_c2011
300 _axxv,397p.
_ccm.
650 _aPOLITICAL SCIENCE
942 _hW6.1, Q1
_cTEXL
_2CC
999 _c135719
_d135719